Statistics for European history 1870-1914

Click here to take the quiz!

General Stats

  • This quiz has been taken 60 times
    (41 since last reset)
  • The average score is 8 of 20

Answer Stats

QuestionAnswer% Correct
Who was the first Kaiser of the German Empire?Wilhelm I
86%
What city was conquered by the Kingdom of Italy in 1870?Rome
71%
Who defeated the Ottoman Empire in 1878, freeing the Balkans?Russian Empire
60%
Which enormous railway system opened at the beginning of the XX century in Russia?Trans-Siberian Railway
60%
Which country defeated Spain in 1898?USA
60%
Who became Kaiser of Germany in 1888?Wilhelm II
60%
Which European monarch died in 1901, after more than 50 years of reign?Victoria
57%
Who joined the Austro-Germanic alliance in 1882?Italy
51%
Which country defeated Russia, causing a huge rebellion that same year?Japan
46%
Which country was created as a result of the First Balkan War?Albania
43%
Which country caused the Second Balkan War by invading its former allies?Bulgaria
40%
Which congress was held after the 1877-1878 war?Berlin Congress
37%
Who killed Franz Ferdinand?Gavrilo Princip
34%
Which major art movement developed in the 1870s and 1880s?Impressionism
34%
Which country’s control caused two diplomatic crisis between France and Germany in the early XX century?Morocco
20%
Which Pope wrote the important encyclical “Rerum Novarum” in 1891?Leo XIII
11%
What modern day country was conquered by France in 1881?Tunisia
11%
What economic recession started in 1873?Long Depression
3%
What non-European state was created after the Berlin Conference in 1884-1885?Congo Free State
0%
Which artistic and literary movement developed during the end of the XIX century and the begging of the XX?Decadent movement
0%

Score Distribution

Percentile by Number Answered

Percent of People with Each Score

Your Score History

You have not taken this quiz since the last reset